Prog Rock: find the author for each album - Statistics

General Stats
  • This quiz has been taken 44 times
    43 since last reset
  • The average score is 19 of 50
Answer Stats
Hint Extra Hint Answer % Correct
Close to the Edge 1972 Yes
86%
The dark Side of the Moon 1973 Pink Floyd
82%
Thick as a Brick 1972 Jethro Tull
77%
Selling England by the Pound 1973 Genesis
73%
Red 1974 King Crimson
68%
Tarkus 1971 Emerson, Lake & Palmer
64%
Mirage 1974 Camel
59%
Hamburger Concerto 1972 Focus
59%
Octopus 1972 Gentle Giant
59%
In-A-Gadda-Da-Vida 1968 Iron Butterfly
59%
A Farewell to Kings 1977 Rush
59%
In the Land of Grey and Pink 1971 Caravan
55%
Leftoverture 1976 Kansas
55%
Days of Future Passed 1967 The Moody Blues
55%
Third 1970 Soft Machine
50%
Misplaced Childhood 1985 Marillion
45%
Ashes are Burning 1973 Renaissance
45%
Pawn Hearts 1971 Van der Graaf Generator
45%
666 1972 Aphrodite's Child
41%
Fish out of Water 1975 Chris Squire
41%
Mekanïk Destruktïw Kommandöh 1973 Magma
41%
The six Wives of Henry VIII 1973 Rick Wakeman
41%
Io sono nato libero 1973 Banco del Mutuo Soccorso
36%
Ommadawn 1975 Mike Oldfield
36%
The Grand Illusion 1977 Styx
36%
Arbeit macht frei 1973 Area
32%
Death Walks Behind You 1970 Atomic Rooster
32%
Air Conditioning 1970 Curved Air
32%
Storia di un minuto 1972 Premiata Forneria Marconi
32%
John Barleycon must die 1970 Traffic
32%
Argus 1972 Wishbone Ash
32%
First Utterance 1971 Comus
27%
One Size fits all 1975 Frank Zappa
27%
Flying Teapot 1973 Gong
27%
Ys 1972 Il balletto di bronzo
27%
Felona e Sorona 1973 Le Orme
27%
Forse le lucciole non si amano più 1977 Locanda delle fate
27%
Ars longa, vita brevis 1968 The Nice
27%
Valentyne Suite 1969 Colosseum
23%
Discovery 1979 Electric Light Orchestra
23%
The Rotter's Club 1975 Hatfield and the North
23%
Palepoli 1973 Osanna
23%
Dawn 1976 Eloy
18%
Little Red Record 1972 Matching Mole
14%
Pampered Menial 1975 Pavlov's Dog
14%
Bridge Across Forever 2001 Transatlantic
14%
Cottonwoodhill 1971 Brainticket
9%
Unrest 1974 Henry Cow
9%
Once Again 1971 Barclay James Harvest
5%
Osiris 1975 Zao
5%
No matching quizzes found
Score Distribution
Percent of People with Each Score
Percentile by Number Answered
Your Score History
You have not taken this quiz since the last reset